Sanrio Characters - Statistics

General Stats
  • This quiz has been taken 51 times
  • The average score is 13 of 16
Answer Stats
Picture Answer % Correct
Hello Kitty
100%
Kuromi
98%
Pompompurin
98%
My Melody
95%
Pochacco
89%
Cinnamoroll
86%
Dear Daniel
86%
Chococat
82%
Keroppi
82%
Tuxedo Sam
75%
Badtz Maru
70%
Kiki
68%
Hangyodon
66%
Lala
66%
Lovely Mocha
61%
Mimmy White
27%
No matching quizzes found
Score Distribution
Percent of People with Each Score
Percentile by Number Answered
Your Score History
You have not taken this quiz